|
|
|
|
| LEADER |
00000nam0a2200000 4500 |
| 001 |
348194 |
| 005 |
20231102010100.0 |
| 010 |
|
|
|a 9785906818829
|
| 035 |
|
|
|a (RuTPU)RU\TPU\book\380154
|
| 090 |
|
|
|a 348194
|
| 100 |
|
|
|a 20221114d2022 m y0rusy50 ca
|
| 101 |
0 |
|
|a rus
|
| 102 |
|
|
|a RU
|
| 105 |
|
|
|a y j 000zy
|
| 200 |
1 |
|
|a Основы алгоритмизации и программирования (на языке Питон)
|e ответы на вопросы контрольные задания и тесты
|f Е. И. Ночка
|
| 210 |
|
|
|a Москва
|c КУРС
|d 2022
|
| 215 |
|
|
|a 60 с.
|
| 225 |
1 |
|
|a Среднее профессиональное образование
|
| 330 |
|
|
|a Книга является второй частью учебника автора "Основы алгоритмизации и программирования" (ОАиП) для студентов средних профессиональных учебных заведений и содержит ответы на содержащиеся в нем вопросы, контрольные задания и тесты. Курс ОАиП предполагает умение работать на персональном компьютере и знакомство со школьными курсами математики и информатики. Обучение ведется на языке Питон, версия 3.4 и выше, операционная система Windows.
|
| 606 |
1 |
|
|a Программирование
|2 stltpush
|3 (RuTPU)RU\TPU\subj\51780
|9 70345
|
| 610 |
1 |
|
|a алгоритмизация
|
| 610 |
1 |
|
|a вопросы
|
| 610 |
1 |
|
|a ответы
|
| 610 |
1 |
|
|a контрольные задания
|
| 610 |
1 |
|
|a тесты
|
| 610 |
1 |
|
|a учебные пособия
|
| 675 |
|
|
|a 004.42(075.3)
|v 4
|
| 700 |
|
1 |
|a Ночка
|b Е. И.
|g Евгений Иванович
|
| 801 |
|
1 |
|a RU
|b 63413507
|c 20221114
|
| 801 |
|
2 |
|a RU
|b 63413507
|c 20230203
|g RCR
|
| 942 |
|
|
|c BK
|
| 959 |
|
|
|a 21/20221114
|d 1
|e 240,00
|f ЧЗТЛ:1
|